[Event "III Aberto do Brasil Cidade de MaringÃƒÂ"]
[Site "Country Club de MaringÃƒÂ¡ - P"]
[Date "2013.07.25"]
[Round "2"]
[White "SCHUH, Astor Jose"]
[Black "SANTIAGO, Yago De Moura"]
[Result "0-1"]
[WhiteElo "1960"]
[BlackElo "2409"]
[PlyCount "78"]
[EventDate "2013.07.24"]

1. e4 e6 2. d4 d5 3. exd5 exd5 4. Nf3 Bd6 5. c4 dxc4 6. Bxc4 Nf6 7. O-O O-O 8.
Bg5 Bg4 9. Nbd2 Nbd7 10. Qb3 Nb6 11. Ne5 Bh5 12. Qh3 Bg6 13. Nxg6 hxg6 14. Bb3
Be7 15. Rfe1 c6 16. Re2 Nfd5 17. Bxe7 Nxe7 18. Re4 Nf5 19. Nf3 Nd5 20. Rae1 Qf6
21. g4 Nd6 22. Bxd5 cxd5 23. Re5 Rfe8 24. Ng5 Qxg5 25. Rxg5 Rxe1+ 26. Kg2 Ne4
27. Rxd5 Re2 28. Kf3 Re8 29. Re5 Rxe5 30. Kxe2 Ng5+ 31. Qe3 Rxe3+ 32. Kxe3 Kf8
33. d5 Ke7 34. f4 Nh7 35. g5 Kd6 36. Kd4 Nf8 37. a4 Nd7 38. a5 Nc5 39. b4 Na6
0-1

[Event "III Aberto do Brasil Cidade de MaringÃƒÂ"]
[Site "Country Club de MaringÃƒÂ¡ - P"]
[Date "2013.07.25"]
[Round "2"]
[White "FERNANDEZ, Daniel"]
[Black "ARPON, Rodrigo Tobias Lana"]
[Result "1-0"]
[WhiteElo "2398"]
[BlackElo "1942"]
[PlyCount "111"]
[EventDate "2013.07.24"]

1. d4 Nf6 2. c4 g6 3. Nc3 Bg7 4. Bg5 c6 5. e4 d6 6. Be2 h6 7. Bh4 Qa5 8. Qd2
Nbd7 9. Nf3 O-O 10. O-O Re8 11. Ne1 g5 12. Bg3 e5 13. d5 c5 14. Nc2 Nf8 15. f3
Nh5 16. Bf2 Nf4 17. b4 cxb4 18. Nb5 Rd8 19. Rfe1 Nxe2+ 20. Rxe2 a6 21. Nba3 f5
22. Qxb4 Qxb4 23. Nxb4 fxe4 24. fxe4 Nd7 25. Nd3 Rf8 26. Rb1 Rf7 27. Nc2 b6 28.
Ne3 Nc5 29. Nxc5 bxc5 30. Rb6 Bf8 31. Reb2 Rfa7 32. Rb8 Kf7 33. Be1 a5 34. Kf2
Ke7 35. Nf5+ Bxf5 36. exf5 Rxb8 37. Rxb8 Bg7 38. a4 e4 39. Ke3 Bd4+ 40. Kxe4
Kf7 41. Bd2 Re7+ 42. Kd3 Bg1 43. h3 Bh2 44. Bxa5 Ra7 45. Rb5 Bg3 46. Ke2 h5 47.
Kf3 h4 48. Kg4 Bf4 49. Bd8 Rxa4 50. Rb7+ Ke8 51. Bxg5 Bxg5 52. Kxg5 Rxc4 53. f6
Rc2 54. Kf5 Re2 55. Rh7 Re5+ 56. Kg6 1-0

[Event "III Aberto do Brasil Cidade de MaringÃƒÂ"]
[Site "Country Club de MaringÃƒÂ¡ - P"]
[Date "2013.07.25"]
[Round "2"]
[White "ZIMMERMANN, Kleber Renato P"]
[Black "DELGADO, Lidio Dias"]
[Result "0-1"]
[WhiteElo "1934"]
[BlackElo "2294"]
[PlyCount "98"]
[EventDate "2013.07.24"]

1. d4 Nf6 2. c4 c5 3. Nf3 cxd4 4. Nxd4 b6 5. Nc3 Bb7 6. f3 d6 7. e4 Nbd7 8. Be3
a6 9. Be2 e6 10. O-O Be7 11. Qd2 O-O 12. Rfd1 Rc8 13. Rac1 Qc7 14. Bf1 Rfe8 15.
b3 Qb8 16. Qf2 Bf8 17. Nde2 Ba8 18. Ng3 Bc6 19. b4 b5 20. a3 Ne5 21. c5 dxc5
22. Bxc5 Bxc5 23. bxc5 Qa7 24. Na2 Ba8 25. a4 bxa4 26. Qd4 Ned7 27. c6 Qxd4+
28. Rxd4 Rxc6 29. Rxa4 Nb8 30. Rxc6 Bxc6 31. Ra5 Bb7 32. Nb4 g6 33. Ra2 Rc8 34.
Nxa6 Bxa6 35. Bxa6 Rc1+ 36. Bf1 Nc6 37. Ra8+ Kg7 38. Rc8 Nd7 39. Rc7 Nde5 40.
Kf2 Rb1 41. h3 Rb2+ 42. Kg1 Nd4 43. f4 Nef3+ 44. Kh1 Nh4 45. e5 Rf2 46. Kg1
Rxf4 47. Bd3 Ndf3+ 48. gxf3 Rxf3 49. Ne4 Rxd3 0-1

[Event "III Aberto do Brasil Cidade de MaringÃƒÂ"]
[Site "Country Club de MaringÃƒÂ¡ - P"]
[Date "2013.07.25"]
[Round "2"]
[White "MAIBERG, Wellington Gubiani"]
[Black "PROUDIAN, Armen"]
[Result "0-1"]
[WhiteElo "1919"]
[BlackElo "2286"]
[PlyCount "85"]
[EventDate "2013.07.24"]

1. e4 e5 2. Nf3 Nc6 3. Bc4 Bc5 4. b4 Bxb4 5. c3 Ba5 6. d4 exd4 7. O-O Nf6 8. e5
d5 9. Bb5 Ne4 10. Ba3 Bxc3 11. Nxd4 Bxd4 12. Qxd4 a6 13. Bxc6+ bxc6 14. Nc3 Ng5
15. f4 Ne6 16. Qd3 g6 17. f5 gxf5 18. Qxf5 Ng5 19. e6 Bxe6 20. Rae1 Kd7 21. Qe5
Rg8 22. Rf6 Rg6 23. Ref1 Qg8 24. Kh1 Rxf6 25. Qxf6 Re8 26. h4 Ne4 27. Nxe4 dxe4
28. Re1 Bd5 29. Qf5+ Re6 30. Rf1 e3 31. Qxf7+ Qxf7 32. Rxf7+ Kd8 33. Bb4 Rg6
34. Rf8+ Kd7 35. Kg1 Rxg2+ 36. Kf1 Rxa2 37. Rf4 Rc2 38. Rd4 Ke6 39. Ba5 Bf3 40.
Rf4 Bd5 41. Rd4 Bc4+ 42. Ke1 Ke5 43. Rg4 0-1

[Event "III Aberto do Brasil Cidade de MaringÃƒÂ"]
[Site "Country Club de MaringÃƒÂ¡ - P"]
[Date "2013.07.25"]
[Round "2"]
[White "MENNA BARRETO, Felipe Kubiaki"]
[Black "MARTINS, Anderson Donay"]
[Result "1-0"]
[WhiteElo "2277"]
[BlackElo "1910"]
[PlyCount "39"]
[EventDate "2013.07.24"]

1. e4 e5 2. Nf3 Nc6 3. Bc4 Bc5 4. c3 Nf6 5. d3 h6 6. O-O d5 7. exd5 Nxd5 8. Re1
O-O 9. Nbd2 Bg4 10. Ne4 Be7 11. h3 Bh5 12. Ng3 Bg6 13. Bb5 f6 14. Nh4 Bh7 15.
Qg4 Nf4 16. Bxf4 exf4 17. Ngf5 Bxf5 18. Nxf5 Rf7 19. Bc4 Bf8 20. Nxh6+ 1-0

[Event "III Aberto do Brasil Cidade de MaringÃƒÂ"]
[Site "Country Club de MaringÃƒÂ¡ - P"]
[Date "2013.07.25"]
[Round "2"]
[White "NOLASCO DE MORAES, Vitor"]
[Black "PALOZI, Paulo Ricardo"]
[Result "0-1"]
[WhiteElo "1911"]
[BlackElo "2251"]
[PlyCount "66"]
[EventDate "2013.07.24"]

1. e4 e5 2. Nf3 Nc6 3. Bb5 f5 4. d3 fxe4 5. dxe4 Nf6 6. O-O Bc5 7. Qd3 d6 8.
Qc4 Qe7 9. Nc3 Bd7 10. Nd5 Nxd5 11. exd5 Nb8 12. Bxd7+ Nxd7 13. Ng5 O-O-O 14.
b4 Bb6 15. a4 c5 16. dxc6 Nf6 17. cxb7+ Kb8 18. a5 d5 19. Qa6 Bd4 20. Rb1 Rd7
21. Qd3 Rc7 22. Bd2 Rc4 23. Qb3 e4 24. Bf4+ Kxb7 25. Kh1 h6 26. Nh3 g5 27. Be3
Be5 28. Bc5 Qe8 29. Rbd1 Rc3 30. Qa2 Qh5 31. Rxd5 Rxh3 32. a6+ Ka8 33. f4 Rxh2+
0-1

[Event "III Aberto do Brasil Cidade de MaringÃƒÂ"]
[Site "Country Club de MaringÃƒÂ¡ - P"]
[Date "2013.07.25"]
[Round "2"]
[White "HORST, Rodrigo"]
[Black "MARTINS, Carlos"]
[Result "1/2-1/2"]
[WhiteElo "1911"]
[BlackElo "2241"]
[PlyCount "87"]
[EventDate "2013.07.24"]

1. c4 f5 2. Nc3 Nf6 3. g3 d6 4. Bg2 e5 5. d3 Be7 6. e3 O-O 7. Nge2 c6 8. O-O
Na6 9. f4 Qe8 10. h3 Be6 11. b3 Rd8 12. e4 fxe4 13. dxe4 exf4 14. Nxf4 Bf7 15.
Be3 b6 16. Qd2 Nd7 17. Rf2 Ne5 18. Raf1 Nc7 19. Kh2 h6 20. Nfe2 Ne6 21. Nd4
Nxd4 22. Bxd4 Be6 23. Rxf8+ Bxf8 24. Qe2 Be7 25. Nd1 Kh7 26. Ne3 Rd7 27. Nf5
Bf8 28. Qb2 Bg8 29. Ne3 Rf7 30. Rf5 g6 31. Rxf7+ Bxf7 32. Nf1 Bg7 33. Qf2 Be6
34. Be3 Qf7 35. Qxf7 Bxf7 36. Nd2 g5 37. Nf3 c5 38. Nxe5 Bxe5 39. Bf3 Kg6 40.
Kg2 Kg7 41. Kf2 Kf6 42. g4 Bc3 43. Ke2 Be5 44. Kd3 1/2-1/2

[Event "III Aberto do Brasil Cidade de MaringÃƒÂ"]
[Site "Country Club de MaringÃƒÂ¡ - P"]
[Date "2013.07.25"]
[Round "2"]
[White "LEBREDO ZARAGOITIA, Gerardo"]
[Black "GUTIERREZ, Enrique Alberto Soto"]
[Result "1-0"]
[WhiteElo "2209"]
[BlackElo "1903"]
[PlyCount "75"]
[EventDate "2013.07.24"]

1. Nf3 Nf6 2. c4 g6 3. b4 Bg7 4. Bb2 O-O 5. e3 c6 6. d4 d5 7. Nbd2 Na6 8. a3
Nc7 9. Be2 Bg4 10. O-O e6 11. h3 Bxf3 12. Bxf3 Re8 13. Qc2 Rc8 14. Nb3 Re7 15.
Rac1 Nce8 16. Rfd1 Nd6 17. Nd2 b5 18. c5 Nc4 19. Nxc4 dxc4 20. e4 Rd7 21. Bc3
a6 22. a4 Ne8 23. axb5 axb5 24. e5 Ra7 25. Ra1 Qd7 26. Rxa7 Qxa7 27. Ra1 Qb7
28. Qe4 Bh6 29. Ra5 Bg5 30. Kh2 Bd8 31. Ra3 Ng7 32. g4 Be7 33. Qe1 Ne8 34. Qa1
Rc7 35. Ra8 Rc8 36. Ra7 Qb8 37. Rxe7 Nc7 38. Bxc6 1-0

[Event "III Aberto do Brasil Cidade de MaringÃƒÂ"]
[Site "Country Club de MaringÃƒÂ¡ - P"]
[Date "2013.07.25"]
[Round "2"]
[White "BUENO, Jair Cardona"]
[Black "GAUCHE, Charles"]
[Result "0-1"]
[WhiteElo "1910"]
[BlackElo "2204"]
[PlyCount "98"]
[EventDate "2013.07.24"]

1. d4 Nf6 2. Nf3 g6 3. g3 Bg7 4. Bg2 O-O 5. O-O d6 6. c4 Nc6 7. Nc3 a6 8. Re1
Rb8 9. b3 b5 10. cxb5 axb5 11. Bb2 b4 12. Nb1 d5 13. Nbd2 Bf5 14. Nh4 Bg4 15.
Qc2 Na7 16. h3 Be6 17. Kh2 Qd6 18. Rec1 Nb5 19. e3 Rb6 20. Bf1 Rc8 21. Qc5 Nd7
22. Qxd6 exd6 23. a4 bxa3 24. Bxa3 Nxa3 25. Rxa3 c5 26. Nhf3 h6 27. Bd3 Rcb8
28. Kg2 Rb4 29. Ra4 Rxa4 30. bxa4 c4 31. Bc2 Rb2 32. Bd1 Bf5 33. a5 Ra2 34. Nb1
Rxa5 35. Nc3 Nf6 36. Nd2 Ra3 37. Ndb1 Ra1 38. Bc2 Be6 39. g4 Bf8 40. Kf1 Be7
41. Ke2 Bd8 42. Kd1 Ba5 43. f3 Bb4 44. Kd2 Nd7 45. Kd1 Nb6 46. Nb5 Kf8 47. N5c3
Bd7 48. Kd2 Na4 49. Bxa4 Bxa4 0-1

[Event "III Aberto do Brasil Cidade de MaringÃƒÂ"]
[Site "Country Club de MaringÃƒÂ¡ - P"]
[Date "2013.07.25"]
[Round "2"]
[White "OSIPI, Jair"]
[Black "BRITEZ, G Jorge A"]
[Result "1-0"]
[WhiteElo "2199"]
[BlackElo "1887"]
[PlyCount "49"]
[EventDate "2013.07.24"]

1. c4 e6 2. g3 d5 3. Bg2 Nf6 4. Nf3 Be7 5. O-O O-O 6. d4 dxc4 7. Qc2 Nc6 8.
Qxc4 Qd5 9. Nbd2 Rd8 10. e3 Qxc4 11. Nxc4 Bd7 12. Bd2 Ne4 13. Rfc1 Nxd2 14.
Ncxd2 Rac8 15. a3 Bf6 16. Ne4 Be7 17. Nc5 Bxc5 18. Rxc5 Ne7 19. Ne5 c6 20. Rac1
Nf5 21. Bf1 f6 22. Nxd7 Rxd7 23. Bc4 Rd5 24. Bxd5 exd5 25. Rxd5 1-0

[Event "III Aberto do Brasil Cidade de MaringÃƒÂ"]
[Site "Country Club de MaringÃƒÂ¡ - P"]
[Date "2013.07.25"]
[Round "2"]
[White "PENAYO, Nicolas"]
[Black "DE SOUZA, Ivo Eduardo Medeiros"]
[Result "0-1"]
[WhiteElo "1879"]
[BlackElo "2193"]
[PlyCount "60"]
[EventDate "2013.07.24"]

1. e4 e6 2. d3 d5 3. Nd2 c5 4. Ngf3 Nc6 5. g3 g6 6. Bg2 Bg7 7. O-O Nge7 8. Re1
O-O 9. c3 Rb8 10. Qe2 e5 11. exd5 Nxd5 12. Ne4 b6 13. Bg5 f6 14. Bd2 Qd7 15.
Rad1 Ba6 16. h4 f5 17. Neg5 h6 18. Nh3 e4 19. c4 exf3 20. Qxf3 Ndb4 21. Bc3 Nd4
22. Bxd4 Bb7 23. Qf4 Qxd4 24. Qc7 Qd8 25. Re7 Qxc7 26. Rxc7 Bxg2 27. Kxg2 Rf7
28. Rxf7 Kxf7 29. Nf4 Be5 30. Ne2 Rd8 0-1

[Event "III Aberto do Brasil Cidade de MaringÃƒÂ"]
[Site "Country Club de MaringÃƒÂ¡ - P"]
[Date "2013.07.25"]
[Round "2"]
[White "UTIYAMA, Marcel Heimar Ribeir"]
[Black "LISBOA TORRES, Eduardo"]
[Result "1-0"]
[WhiteElo "2185"]
[BlackElo "1864"]
[PlyCount "85"]
[EventDate "2013.07.24"]

1. e4 c5 2. Nf3 Nc6 3. d4 cxd4 4. Nxd4 g6 5. c4 Bg7 6. Be3 Nf6 7. Nc3 d6 8. Be2
O-O 9. O-O Bd7 10. f3 Qb6 11. Ncb5 Qa5 12. a3 Rfc8 13. b4 Qd8 14. Rc1 Ne5 15.
Qb3 a5 16. c5 dxc5 17. bxc5 a4 18. Qa2 Qe8 19. Rc2 Nc6 20. Rb1 Ra5 21. Nxc6
Bxc6 22. Qc4 Nd7 23. Qb4 Raa8 24. Nd4 Rcb8 25. Bc4 Qd8 26. Bxf7+ Kxf7 27. Qc4+
e6 28. Qxe6+ Kf8 29. Nxc6 bxc6 30. Rd1 Ra7 31. Bf4 Bf6 32. Bd6+ Kg7 33. Bxb8
Qxb8 34. Rxd7+ Rxd7 35. Qxd7+ Kh8 36. Rd2 Qe5 37. Qxc6 Qa1+ 38. Kf2 Bd4+ 39.
Ke2 Bf6 40. Qe8+ Kg7 41. Rd7+ Kh6 42. Qf8+ Kg5 43. Rd5+ 1-0

[Event "III Aberto do Brasil Cidade de MaringÃƒÂ"]
[Site "Country Club de MaringÃƒÂ¡ - P"]
[Date "2013.07.25"]
[Round "2"]
[White "FERREIRA, Rodrigo Maycon Miran"]
[Black "VILLALBA, Marcelo"]
[Result "0-1"]
[WhiteElo "1860"]
[BlackElo "2179"]
[PlyCount "32"]
[EventDate "2013.07.24"]

1. e4 e5 2. Nf3 Nc6 3. Bb5 f5 4. d4 fxe4 5. Nxe5 Nxe5 6. dxe5 c6 7. Bc4 Qa5+ 8.
Nc3 Qxe5 9. Bxg8 Rxg8 10. O-O d5 11. Be3 Bd6 12. f4 exf3 13. Rxf3 Qxh2+ 14. Kf1
Bg4 15. Bg1 Bxf3 16. Bxh2 Bxd1 0-1

[Event "III Aberto do Brasil Cidade de MaringÃƒÂ"]
[Site "Country Club de MaringÃƒÂ¡ - P"]
[Date "2013.07.25"]
[Round "2"]
[White "SOUZA NEVES, Andrey M"]
[Black "BOABAID, Jorge Alberto Duarde"]
[Result "0-1"]
[WhiteElo "2172"]
[BlackElo "1855"]
[PlyCount "76"]
[EventDate "2013.07.24"]

1. d4 Nf6 2. Nf3 e6 3. Bg5 d5 4. Nbd2 c5 5. e3 Be7 6. c3 O-O 7. Bd3 Nbd7 8. h4
Qc7 9. Ne5 Bd6 10. f4 Ne8 11. Qh5 f5 12. O-O-O Ndf6 13. Bxf6 Nxf6 14. Qg5 b5
15. dxc5 Bxc5 16. Rh3 b4 17. c4 a5 18. Kb1 a4 19. Rg3 Ra7 20. h5 Bd6 21. Ng6
Rf7 22. Nf3 dxc4 23. Bc2 b3 24. Nge5 bxc2+ 25. Kxc2 Ne4 26. Nxf7 Nxg5 27. N3xg5
Be7 28. Nh6+ gxh6 29. Nxe6+ Kf7 30. Nxc7 Rxc7 31. Rd5 Be6 32. Ra5 Bf6 33. Rb5
a3 34. bxa3 Ra7 35. e4 fxe4 36. f5 Bd7 37. Rc5 Ba4+ 38. Kd2 Rd7+ 0-1

[Event "III Aberto do Brasil Cidade de MaringÃƒÂ"]
[Site "Country Club de MaringÃƒÂ¡ - P"]
[Date "2013.07.25"]
[Round "2"]
[White "SERAFIM JUNIOR, Arnor"]
[Black "CRUZ, William Ferreira Da"]
[Result "0-1"]
[WhiteElo "1851"]
[BlackElo "2170"]
[PlyCount "78"]
[EventDate "2013.07.24"]

1. c4 Nf6 2. Nf3 g6 3. g3 Bg7 4. Bg2 d6 5. Nc3 O-O 6. O-O e5 7. d3 Nc6 8. Rb1
a5 9. a3 h6 10. b4 axb4 11. axb4 Be6 12. b5 Ne7 13. Qc2 Qc8 14. Re1 Bh3 15. Bh1
Ng4 16. e3 f5 17. Nh4 g5 18. Nd5 Nxd5 19. Bxd5+ Kh7 20. Bg2 Bxg2 21. Nxg2 e4
22. d4 Qe8 23. Qe2 Qh5 24. h4 Bf6 25. Bb2 gxh4 26. Nf4 Qf7 27. Kg2 Rg8 28. Rh1
Rg7 29. Rh3 hxg3 30. fxg3 c6 31. Bc1 Rg5 32. bxc6 bxc6 33. Nh5 Rgg8 34. Rb6 Qc7
35. c5 d5 36. Rh1 Rgb8 37. Rxb8 Qxb8 38. Nf4 Qb3 39. Qd1 Ra2+ 0-1

[Event "III Aberto do Brasil Cidade de MaringÃƒÂ"]
[Site "Country Club de MaringÃƒÂ¡ - P"]
[Date "2013.07.25"]
[Round "2"]
[White "COSTA, Ricardo Santos"]
[Black "GONCALVES, Ivan Mesquita V"]
[Result "0-1"]
[WhiteElo "1840"]
[BlackElo "2169"]
[PlyCount "62"]
[EventDate "2013.07.24"]

1. Nf3 Nf6 2. d4 g6 3. c4 Bg7 4. e3 O-O 5. Nc3 d6 6. Be2 Nbd7 7. O-O e5 8. dxe5
dxe5 9. e4 c6 10. h3 Qc7 11. Be3 Nh5 12. Nd2 Nf4 13. Bxf4 exf4 14. Qc2 Nc5 15.
b4 Ne6 16. Nf3 a5 17. a3 h5 18. Rab1 g5 19. Rfe1 g4 20. hxg4 hxg4 21. Nd2 Qe5
22. Rec1 axb4 23. axb4 Ra3 24. Nb3 f3 25. Bf1 Bf6 26. Qb2 Kg7 27. Nd1 Qh5 28.
e5 Bxe5 29. Qxe5+ Qxe5 30. Ne3 Rh8 31. Bd3 Qh2+ 0-1

[Event "III Aberto do Brasil Cidade de MaringÃƒÂ"]
[Site "Country Club de MaringÃƒÂ¡ - P"]
[Date "2013.07.25"]
[Round "2"]
[White "CAETANO, Hugo Zanotti Mendonc"]
[Black "SOUZA, Gustavo Horokoski De"]
[Result "1-0"]
[WhiteElo "2152"]
[BlackElo "1832"]
[PlyCount "47"]
[EventDate "2013.07.24"]

1. d4 Nf6 2. c4 e5 3. dxe5 Ng4 4. Nf3 Nc6 5. e3 Bb4+ 6. Bd2 Bxd2+ 7. Qxd2 Qe7
8. Nc3 Ngxe5 9. Nxe5 Nxe5 10. Nd5 Qd6 11. f4 Nc6 12. c5 Qxc5 13. Nxc7+ Kd8 14.
Nxa8 Re8 15. Kf2 g5 16. Rc1 Qf5 17. Bd3 Qd5 18. Qc3 Qe6 19. Rhe1 b6 20. b4 b5
21. Bxb5 Bb7 22. Nc7 Kxc7 23. Bc4 d5 24. Bb5 1-0

[Event "III Aberto do Brasil Cidade de MaringÃƒÂ"]
[Site "Country Club de MaringÃƒÂ¡ - P"]
[Date "2013.07.25"]
[Round "2"]
[White "SOUZA, Rafael Cabral De"]
[Black "BAPTISTA, Andre Kemper"]
[Result "1/2-1/2"]
[WhiteElo "2144"]
[BlackElo "1818"]
[PlyCount "107"]
[EventDate "2013.07.24"]

1. e4 c6 2. d4 Na6 3. c3 Nc7 4. Nf3 d5 5. exd5 cxd5 6. Bd3 Bg4 7. O-O Nf6 8.
Bg5 e6 9. Nbd2 Be7 10. Qc2 Bxf3 11. Nxf3 h6 12. Bh4 O-O 13. a4 Rc8 14. Rfe1
Nce8 15. Ne5 Nd6 16. Re3 Ng4 17. Nxg4 Bxh4 18. Rh3 Bg5 19. Rf1 f5 20. Ne5 Bf6
21. Ng6 Rf7 22. Qe2 Ne4 23. Bxe4 fxe4 24. f3 exf3 25. Rhxf3 Qe8 26. h4 Bxd4+
27. cxd4 Rxf3 28. Qxf3 Qxg6 29. b3 Rc2 30. Qf8+ Kh7 31. Qf3 Rd2 32. Rd1 Qc2 33.
Rxd2 Qxd2 34. Qg4 Qe3+ 35. Kh2 Qe4 36. Qxe4+ dxe4 37. Kg3 g5 38. h5 Kg7 39. Kf2
Kf6 40. g4 Ke7 41. Ke3 Kd6 42. Kxe4 a5 43. Ke3 Kd5 44. Kd3 b6 45. Kc3 e5 46.
dxe5 Kxe5 47. Kc4 Kf4 48. Kb5 Kxg4 49. Kxb6 Kxh5 50. Kc5 g4 51. Kd4 Kg5 52. Ke3
Kf5 53. b4 Ke5 54. b5 1/2-1/2

[Event "III Aberto do Brasil Cidade de MaringÃƒÂ"]
[Site "Country Club de MaringÃƒÂ¡ - P"]
[Date "2013.07.25"]
[Round "2"]
[White "ALMEIDA, Alvaro Alves De"]
[Black "FERNANDEZ, Maria Florencia"]
[Result "1/2-1/2"]
[WhiteElo "1808"]
[BlackElo "2134"]
[PlyCount "92"]
[EventDate "2013.07.24"]

1. c4 g6 2. Nf3 Bg7 3. g3 d6 4. Bg2 e5 5. d3 f5 6. Nc3 Nf6 7. e3 O-O 8. O-O h6
9. Ne1 g5 10. f4 exf4 11. exf4 g4 12. Be3 Kh8 13. Rb1 a5 14. b4 axb4 15. Rxb4
Nc6 16. Rb5 Ra3 17. Rb3 Ra6 18. Nc2 Nd7 19. Qd2 Re8 20. Bxc6 bxc6 21. Nb4 c5
22. Nxa6 Rxe3 23. Nd5 Rf3 24. Naxc7 Bd4+ 25. Kg2 Nf6 26. Qe2 Bd7 27. Rxf3 gxf3+
28. Qxf3 Bc6 29. Ne6 Qa8 30. Nxd4 cxd4 31. Rb2 Ng4 32. Qe2 Ne3+ 33. Kg1 Bxd5
34. cxd5 Qxd5 35. Qh5 Kg7 36. Qe8 Kf6 37. Qh8+ Kg6 38. Qe8+ Kf6 39. Qd8+ Kg6
40. Qe8+ Kf6 41. Qh5 Kg7 42. Qh4 Qc6 43. Qe7+ Kg6 44. Qe6+ Kg7 45. Qe7+ Kg6 46.
Qe6+ Kg7 1/2-1/2

[Event "III Aberto do Brasil Cidade de MaringÃƒÂ"]
[Site "Country Club de MaringÃƒÂ¡ - P"]
[Date "2013.07.25"]
[Round "2"]
[White "DANERI, Martin"]
[Black "DE OLIVEIRA, Francemir Barra"]
[Result "0-1"]
[WhiteElo "2129"]
[BlackElo "1811"]
[PlyCount "68"]
[EventDate "2013.07.24"]

1. b3 e5 2. Bb2 d6 3. e3 Be7 4. Nf3 Nf6 5. d4 e4 6. Nfd2 d5 7. Be2 O-O 8. c4 c6
9. Ba3 Be6 10. Bxe7 Qxe7 11. O-O Ne8 12. Qc1 Nd7 13. Qa3 Qh4 14. Nc3 g6 15.
Rac1 f5 16. g3 Qg5 17. cxd5 cxd5 18. Kh1 Qd8 19. Na4 Rf7 20. Nc5 Nxc5 21. Rxc5
g5 22. Rfc1 f4 23. gxf4 gxf4 24. Rg1+ Ng7 25. Bh5 Rf8 26. Nxe4 fxe3 27. fxe3
Qh4 28. Ng3 Rf2 29. Rg2 Rxg2 30. Kxg2 Nxh5 31. Nxh5 Qxh5 32. Qc1 Qe2+ 33. Kh1
Qf3+ 34. Kg1 Kh8 0-1

[Event "III Aberto do Brasil Cidade de MaringÃƒÂ"]
[Site "Country Club de MaringÃƒÂ¡ - P"]
[Date "2013.07.25"]
[Round "2"]
[White "SILVA JR, Maurides Ferreira Da"]
[Black "OLIVEIRA, Fernando Henrique"]
[Result "0-1"]
[WhiteElo "1790"]
[BlackElo "2116"]
[PlyCount "92"]
[EventDate "2013.07.24"]

1. Nf3 d5 2. e4 dxe4 3. Ng5 Bf5 4. Bc4 e6 5. d3 exd3 6. Bxd3 Bxd3 7. Qxd3 Bb4+
8. Nc3 Qxd3 9. cxd3 Nc6 10. Be3 Nf6 11. O-O O-O 12. Nce4 Nd5 13. Rac1 Rfd8 14.
Rfd1 h6 15. Nf3 f5 16. Nc5 Bxc5 17. Bxc5 Nf4 18. Rc2 Nxd3 19. g3 Nxc5 20. Rxd8+
Rxd8 21. Rxc5 Kf7 22. a3 a6 23. Kf1 Kf6 24. Ke2 Rd5 25. Rc3 e5 26. Ke1 Rd7 27.
Nd2 Nd4 28. h3 c6 29. f3 b5 30. g4 g6 31. b4 a5 32. h4 h5 33. g5+ Ke6 34. bxa5
Ra7 35. Nb3 Nxb3 36. Rxc6+ Kd5 37. Rxg6 Rxa5 38. Rh6 Nd4 39. g6 Ra8 40. Rxh5
Rg8 41. Rh6 Nxf3+ 42. Kf2 Nxh4 43. Rxh4 Rxg6 44. Rb4 Kc5 45. Rh4 f4 46. Kf3 Kd4
0-1

[Event "III Aberto do Brasil Cidade de MaringÃƒÂ"]
[Site "Country Club de MaringÃƒÂ¡ - P"]
[Date "2013.07.25"]
[Round "3"]
[White "MARECO, Sandro"]
[Black "REZENDE, Guilherme Vilela"]
[Result "1-0"]
[WhiteElo "2562"]
[BlackElo "2085"]
[PlyCount "41"]
[EventDate "2013.07.24"]

1. e4 c5 2. Nf3 d6 3. d4 cxd4 4. Nxd4 Nf6 5. Nc3 a6 6. Be3 e5 7. Nb3 Be6 8. h3
h5 9. f4 Be7 10. Qf3 Qc7 11. f5 Bd7 12. g4 hxg4 13. hxg4 Rxh1 14. Qxh1 Bc6 15.
g5 Nfd7 16. Qh7 Bf8 17. f6 g6 18. Bc4 Nc5 19. Nxc5 dxc5 20. O-O-O b5 21. Bxf7+
1-0

[Event "III Aberto do Brasil Cidade de MaringÃƒÂ"]
[Site "Country Club de MaringÃƒÂ¡ - P"]
[Date "2013.07.25"]
[Round "3"]
[White "GARKAUSKAS, Otto Dmitry"]
[Black "BACHMANN, Axel"]
[Result "0-1"]
[WhiteElo "2084"]
[BlackElo "2536"]
[PlyCount "70"]
[EventDate "2013.07.24"]

1. d4 Nf6 2. c4 g6 3. Nc3 Bg7 4. e4 d6 5. f3 O-O 6. Be3 c6 7. Qd2 a6 8. Bd3 b5
9. Nge2 Nbd7 10. O-O e5 11. d5 bxc4 12. Bxc4 Nb6 13. b3 Nxc4 14. bxc4 c5 15.
Rab1 Nd7 16. Na4 f5 17. Bg5 Qc7 18. Rb3 f4 19. Rfb1 h6 20. Bh4 g5 21. Be1 Qd8
22. Nb6 Nxb6 23. Rxb6 g4 24. Kh1 gxf3 25. gxf3 Kh7 26. Qa5 Qg5 27. Bf2 Rf6 28.
Rg1 Qh5 29. Qc3 Bh3 30. Rb7 Rg8 31. Rbb1 Rff8 32. Qd3 Bf6 33. Qc3 Rb8 34. Rxb8
Rxb8 35. Re1 Rb2 0-1

[Event "III Aberto do Brasil Cidade de MaringÃƒÂ"]
[Site "Country Club de MaringÃƒÂ¡ - P"]
[Date "2013.07.25"]
[Round "3"]
[White "SOUZA, Marcos Valerio A"]
[Black "MATSUURA, Everaldo"]
[Result "0-1"]
[WhiteElo "2057"]
[BlackElo "2491"]
[PlyCount "76"]
[EventDate "2013.07.24"]

1. d4 Nf6 2. c4 e6 3. g3 c5 4. Nf3 cxd4 5. Nxd4 d5 6. Bg2 e5 7. Nc2 d4 8. O-O
a5 9. e3 d3 10. Ne1 e4 11. Nc3 Bb4 12. Bd2 Bg4 13. f3 exf3 14. Bxf3 Bxf3 15.
Qxf3 Nc6 16. a3 Ne5 17. Qf4 Bd6 18. Nb5 Bb8 19. Bc3 Qe7 20. Qg5 O-O 21. Bxe5
Bxe5 22. Nxd3 Bb8 23. Qc5 Qe6 24. Nf4 Bxf4 25. Rxf4 Rac8 26. Qf5 Qxe3+ 27. Kh1
Rc5 28. Qh3 Rh5 29. Qg2 Rd8 30. Raf1 h6 31. Qf3 Rd2 32. h4 Qxf3+ 33. R1xf3 Rxb2
34. Re3 Rc5 35. Re7 Rc6 36. Rxb7 Re6 37. Rf1 Ree2 38. Rd1 Ne4 0-1

[Event "III Aberto do Brasil Cidade de MaringÃƒÂ"]
[Site "Country Club de MaringÃƒÂ¡ - P"]
[Date "2013.07.25"]
[Round "3"]
[White "SANTIAGO, Yago De Moura"]
[Black "DA SILVA, Lucas Ulisses T"]
[Result "1-0"]
[WhiteElo "2409"]
[BlackElo "2058"]
[PlyCount "43"]
[EventDate "2013.07.24"]

1. e4 c6 2. d4 d5 3. e5 Bf5 4. h4 h6 5. g4 Bh7 6. h5 e6 7. f4 c5 8. c3 Nc6 9.
Be3 cxd4 10. cxd4 Bb4+ 11. Nc3 Nge7 12. Bd3 Rc8 13. Nge2 Na5 14. O-O Nc4 15.
Bc1 Bxc3 16. bxc3 b5 17. Qe1 Qb6 18. Qf2 Nc6 19. f5 N4xe5 20. dxe5 Qxf2+ 21.
Rxf2 Nxe5 22. fxe6 1-0

[Event "III Aberto do Brasil Cidade de MaringÃƒÂ"]
[Site "Country Club de MaringÃƒÂ¡ - P"]
[Date "2013.07.25"]
[Round "3"]
[White "FREIRE DOS SANTOS, Fernando Ju"]
[Black "FERNANDEZ, Daniel"]
[Result "0-1"]
[WhiteElo "2052"]
[BlackElo "2398"]
[PlyCount "64"]
[EventDate "2013.07.24"]

1. d4 Nf6 2. c4 c5 3. d5 g6 4. Nc3 Bg7 5. e4 d6 6. Nf3 O-O 7. Bd3 e6 8. O-O
exd5 9. exd5 Bg4 10. h3 Bxf3 11. Qxf3 Nbd7 12. Qd1 Ne8 13. Re1 f5 14. f4 Ndf6
15. g4 fxg4 16. hxg4 Nd7 17. Kg2 Nc7 18. Ne4 b5 19. Ng5 bxc4 20. Bxc4 Nb6 21.
Ne6 Qd7 22. Nxc7 Qxc7 23. Bb5 Rab8 24. a4 Kh8 25. Ra3 Qf7 26. Re6 a6 27. Bxa6
Nxd5 28. Qxd5 Bxb2 29. Bd2 Bxa3 30. Bc3+ Kg8 31. Bc4 Rb7 32. Qxb7 Qxb7+ 0-1

[Event "III Aberto do Brasil Cidade de MaringÃƒÂ"]
[Site "Country Club de MaringÃƒÂ¡ - P"]
[Date "2013.07.25"]
[Round "3"]
[White "MARTINS, Saulo Marcio L"]
[Black "QUINTILIANO PINTO, Renato R"]
[Result "0-1"]
[WhiteElo "2029"]
[BlackElo "2308"]
[PlyCount "84"]
[EventDate "2013.07.24"]

1. d4 d5 2. c4 e6 3. Nc3 c6 4. e4 dxe4 5. Nxe4 Bb4+ 6. Nc3 c5 7. a3 Ba5 8. Be3
Nf6 9. Nf3 Nc6 10. Qd3 cxd4 11. Nxd4 Ne5 12. Qc2 Neg4 13. Qc1 Nxe3 14. fxe3 O-O
15. b4 Bc7 16. Be2 e5 17. Nb3 e4 18. Nd4 Qe7 19. Qb2 a5 20. c5 Bg4 21. O-O axb4
22. axb4 Qe5 23. g3 Rxa1 24. Rxa1 h5 25. Bxg4 Nxg4 26. Qe2 f5 27. Ncb5 Bb8 28.
Ra8 h4 29. Qa2+ Kh8 30. Ne6 hxg3 31. Nf4 gxh2+ 32. Qxh2+ Nxh2 33. Ng6+ Kg8 34.
Nxe5 Bxe5 35. Ra7 Nf3+ 36. Kf2 Rd8 37. Nd6 Bxd6 38. cxd6 Rd7 39. Kg3 Kf7 40.
Ra5 Ke6 41. Rb5 g5 42. Rb6 Ne5 0-1